01224nas a2200349 4500001001300000003000900013005001700022007000300039008003400042040005400076041000900130072000800139100002100147100001800168100002400186100002400210100002400234100001700258245010700275650001300382650001200395650001800407650002000425650001900445650001400464773009000478856007200568909004000640942001800680999001900698952015700717BR2016004976BR-BrBNA20231205130728.0ta230509b bl.|||p| |||| 00| 00por d aBR-BrBNAbporcBiblioteca Nacional de Agricultura a(Pt) aJ111 aSantos, V.F. dos1 aPeixoto, C.P.1 aSampaio, L.S. de V.1 aAbreu, K.C.L. de M.1 aSantos, A.M.P.B.dos1 aCruz, A.M.L.1 aAvaliação da qualidade fisiológica e sanitária das sementes de girassol após o armazenamento aGIRASSOL aSEMENTE aARMAZENAMENTO aVIGOR HÍBRIDO aDEFESA VEGETAL aQUALIDADE0 tMagistra (Brazil)xISSN 2236-4420 g(Apr-Jun 2015), v. 27(2) p. 269-275wBR201600497640uhttp://www2.ufrb.edu.br/magistra/documentos/category/11?download=12 a202311bLúciac55dLúcia Elande 2AGRISn0cANA c250898d250898 002AGRIS4071a41918b41918cPeriódicos Agrícolash(Apr-Jun 2015), v. 27(2) p. 269-275l0r2023-11-29t01yCRePortaria Interministerial nº 164/94